THE TEMPEST (Record no. 303)
[ view plain ]
| 000 -LEADER | |
|---|---|
| fixed length control field | 00324nam a22001457a 4500 |
| 020 ## - INTERNATIONAL STANDARD BOOK NUMBER | |
| ISBN | 81-7826-349-1 |
| 082 ## - DEWEY DECIMAL CLASSIFICATION NUMBER | |
| Classification number | 823 |
| Item number | BHA/1 |
| 245 ## - TITLE STATEMENT | |
| Title | THE TEMPEST |
| Remainder of title | SHORT STORY |
| 246 ## - VARYING FORM OF TITLE | |
| Title proper/short title | THE TEMPEST |
| Remainder of title | SHORT STORY |
| 250 ## - EDITION STATEMENT | |
| Edition statement | 2003 |
| 260 ## - PUBLICATION, DISTRIBUTION, ETC. (IMPRINT) | |
| Place of publication | THRISSUR |
| Name of publisher | H&C |
| 300 ## - PHYSICAL DESCRIPTION | |
| Number of Pages | 66 |
| 650 ## - SUBJECT ADDED ENTRY--TOPICAL TERM | |
| Topical Term | ENGLISH SHORT STORY |
| Geographic subdivision | KERALA |
| 942 ## - ADDED ENTRY ELEMENTS (KOHA) | |
| Koha item type | Books |
| Withdrawn status | Lost status | Home library | Current library | Shelving location | Date acquired | Source of acquisition | Cost, normal purchase price | Full call number | Accession Number | Koha item type | Collection code |
|---|---|---|---|---|---|---|---|---|---|---|---|
| Main Library | Main Library | On Display | 02/06/2009 | Purchase | 35.00 | 823 BHA/1 | 04705 | Books | |||
| Main Library | Main Library | SHELF 3- E- ENGLISH CHILDRENS LITERATURE &MYTHOLOGY | 19/08/2016 | PURCHASE | 20.00 | 823 BHA/1 | 09752 | Books | Fiction | ||
| Main Library | Main Library | SHELF 3- E- ENGLISH CHILDRENS LITERATURE &MYTHOLOGY | 12/03/2009 | PURCHASE | 10.00 | 823 BHA/1 | 03693 | Books | Fiction |